|
|
|
|
| LEADER |
01775nam a2200265 a 4500 |
| 001 |
00026143 |
| 008 |
121031s2012 bg a 001 0 eng d |
| 020 |
|
|
|a 9848090403
|
| 040 |
|
|
|a BD-DhAAL
|c BD-DhAAL
|
| 082 |
0 |
0 |
|a 621.38215
|2 22
|
| 100 |
1 |
|
|a Samad, M. Abdus.
|
| 245 |
1 |
0 |
|a Communication Engineering Fundamentals /
|c M.Abdus Samad
|
| 250 |
|
|
|a 3rd ed.
|
| 260 |
|
|
|a Dhaka :
|b University Grants commission of Bangladesh,
|c 2012.
|
| 300 |
|
|
|a xx, 346 p. :
|b ill. ;
|c 22 cm.
|
| 500 |
|
|
|a Includes index.
|
| 541 |
1 |
|
|e 00026143
|
| 650 |
|
0 |
|a Wireless communication Systems.
|
| 852 |
4 |
|
|a Ayesha Abed Library
|j General Shelf.
|
| 999 |
|
|
|c 12936
|d 12936
|
| 952 |
|
|
|0 0
|1 0
|4 0
|6 621_382150000000000_SAM
|7 0
|9 21365
|a BRACUL
|b BRACUL
|c GEN
|d 2012-10-31
|e University Grants commission of Bangladesh
|g 200.00
|l 3
|m 39
|o 621.38215 SAM
|p 3010026143
|r 2017-12-21
|s 2017-09-27
|t 1
|w 2012-10-31
|y BK
|
| 952 |
|
|
|0 0
|1 0
|4 0
|6 621_382150000000000_SAM
|7 0
|9 21366
|a BRACUL
|b BRACUL
|c GEN
|d 2012-10-31
|e University Grants commission of Bangladesh
|g 200.00
|l 3
|m 25
|o 621.38215 SAM
|p 3010026144
|r 2026-03-30
|s 2025-10-29
|t 2
|w 2012-10-31
|y BK
|
| 952 |
|
|
|0 0
|1 0
|4 0
|6 621_382150000000000_SAM
|7 0
|9 21367
|a BRACUL
|b BRACUL
|c GEN
|d 2012-10-31
|e University Grants commission of Bangladesh
|g 200.00
|l 1
|m 3
|o 621.38215 SAM
|p 3010026145
|r 2014-12-22
|s 2014-12-07
|t 3
|w 2012-10-31
|y BK
|
| 952 |
|
|
|0 0
|1 0
|4 1
|6 621_382150000000000_SAM
|7 0
|9 21368
|a BRACUL
|b BRACUL
|c SPS
|d 2012-10-31
|e University Grants commission of Bangladesh
|g 200.00
|l 2
|m 8
|o 621.38215 SAM
|p 3010026146
|r 2024-11-28
|s 2024-11-26
|t 4
|w 2012-10-31
|y BK
|x Photocopy Book. Declared as Damaged on December 10, 2023
|
| 952 |
|
|
|0 0
|1 0
|4 0
|6 621_382150000000000_SAM
|7 0
|9 21369
|a BRACUL
|b BRACUL
|c GEN
|d 2012-10-31
|e University Grants commission of Bangladesh
|g 200.00
|l 0
|o 621.38215 SAM
|p 3010026147
|r 2012-10-31
|t 5
|w 2012-10-31
|y BK
|